000 00464nam a2200145Ia 4500
008 100204s9999 xx 000 0 und d
082 _b13962
100 _aहसमनीस द. का.
245 _aसोन्याचे कडे
260 _b"नवलेखन प्रकाशन, मुंबई"
_c1964
300 _a168
630 _aसोन्याचे कडे
730 _aसोन्याचे कडे
942 _cBOOK
999 _c458393
_d458390